عرض عادي
عرض مارك
- Yellamraju, Vijaya.
مدخل إسم شخص
001 - رقم الضبط
- حقل الضبط: 19248
003 - معرف رقم الضبط
- حقل الضبط: OSt
005 - تاريخ ووقت أخر عملية
- حقل الضبط: 20121229195351.0
008 - عناصر بيانات ثابتة الطول
- حقل تحكم ثابت الطول: 121229|||a|||||| | ||| d
040 ## - مصدر الفهرسة
- هيئة الفهرسة الأصلية: OSt
- وكالة الكتابة: OSt
100 ## - مدخل -- أسم شخص
- إسم شخص: Yellamraju, Vijaya.
670 ## - بيانات المصدر موجوده
- الاستشهاد بالمصدر: Work cat.: (OSt)0: Yellamraju, Vijaya., LEED-new construction project management /, c2011.
